[Event "Stay Safe Play From Home 233"]
[Site "Emanuel Lasker Arena"]
[Date "2020.06.17"]
[Round "2"]
[White "Bardellosport"]
[Black "SoulofWolf"]
[Result "1-0"]
[WhiteElo "2073"]
[BlackElo "2180"]
[Annotator "TA"]
[PlyCount "115"]
[EventDate "2020.06.17"]
[EventType "swiss (blitz)"]

{[%evp 9,115,16,27,21,57,25,91,64,79,32,65,23,35,13,25,19,59,-16,4,-22,82,14,77,31,38,51,156,134,214,83,117,-45,-25,-159,165,52,125,-18,94,-54,70,-40,198,194,401,324,303,151,318,314,545,148,174,-700,-704,-969,-923,-930,-921,-850,-807,-5389,-2343,-1387,-223,-866,-698,-470,-118,-110,-99,-88,0,0,0,0,0,0,0,0,0,0,0,0,0,0,12835,0,0,0,12851,27999,12851,27999,12851,27999,12851,27999,27999,27999,27999,27999,27999,27999,27999,27999,27999,27999]} 1. d4 e6 2. e3 b5 3. Nf3 b4 {[#]} 4. b3 $146 ({Predecessor:} 4. Be2 Bb7 5. O-O Nf6 6. Nbd2 Be7 7. c4 bxc3 8. bxc3 O-O 9. Rb1 Qc8 10. Qb3 {0-1 (44) Aparicio Escudero,H (1774)-Castillo Garcia,P (2118) Barcelona 2019}) 4... a5 5. Bb2 Bb7 6. Bd3 {A40: Unusual replies to 1 d4.} Nc6 7. c4 d6 (7... bxc3 $11 8. Nxc3 Nb4) 8. Nbd2 {White is better.} Nf6 9. Qe2 g6 10. O-O (10. d5 $5 Na7 11. dxe6 $16) 10... Bg7 11. e4 O-O 12. d5 $36 {[%mdl 2048] White has the initiative.} Ne7 {[%cal Re6d5]} 13. Nd4 (13. dxe6 $14 fxe6 14. c5) 13... e5 14. N4f3 h6 (14... c6 $11 {keeps the balance.}) 15. Ne1 (15. c5 $1 $16) 15... g5 (15... c6 $11) 16. f3 Nh5 17. g3 Bh8 (17... c6 $14) 18. Ng2 Ng7 (18... Bg7 $16) 19. Bc1 (19. f4 $18 {has better winning chances.}) 19... f5 20. Nb1 $2 (20. f4 $16) 20... Qd7 21. f4 (21. Ne3 $11) 21... g4 $2 (21... exf4 $1 $17 {and life is bright. White must now prevent ...fxe4.} 22. gxf4 fxe4 23. Bxe4 c6) 22. exf5 ({White should try} 22. Nd2 $18) 22... Nexf5 (22... e4 $1 $14 23. Bxe4 Ngxf5) 23. fxe5 (23. Qxg4 $16 h5 24. Qg5 (24. Qg6 Qe8 $16)) 23... dxe5 (23... Nd4 $11 24. Rxf8+ Rxf8) 24. Bxf5 (24. Qxg4 $16 {And now Bb2 would win.} e4 25. Qxe4 (25. Bxe4 Nd4 $16)) 24... Rxf5 (24... Nxf5 $15 25. Qxg4+ Qg7 26. Qxg7+ Bxg7) 25. Bxh6 (25. Rxf5 $14 Qxf5 26. Nd2 (26. Bxh6 Ne6 $11)) 25... Raf8 $2 (25... Rxf1+ $15 {keeps the upper hand.} 26. Kxf1 c6) 26. Nd2 $18 Qd6 $2 (26... Rxf1+ 27. Rxf1 Rxf1+ 28. Nxf1 c6) 27. Bxg7 Bxg7 28. Ne4 ({Weaker is} 28. Qxg4 Qc5+ 29. Kh1 Rf2 $14) (28. Rxf5 $18 Rxf5 29. Ne4 (29. Qxg4 Qb6+ 30. Kh1 Bc8 $16) 29... Qb6+ 30. c5) 28... Qg6 $2 (28... Qb6+ $16 {was worth a try.} 29. Qe3 Qd4) 29. Rxf5 Rxf5 $2 (29... Qxf5 {was necessary.} 30. Nh4 Qh5) 30. Rf1 $2 (30. Nh4 $18 Qh5 31. Nxf5 Qxf5 32. a3 bxa3 33. Rxa3) 30... Rxf1+ $16 31. Qxf1 $4 {[%mdl 8192]} (31. Kxf1 $18 Bc8 32. Nh4) 31... Qxe4 $19 32. Nh4 Qd4+ 33. Kg2 e4 34. Nf5 Qf6 35. Nxg7 Kxg7 (35... Qxf1+ $142 36. Kxf1 Kxg7) 36. Qe2 c6 $2 (36... Qf3+ 37. Qxf3 exf3+ 38. Kf2 Kf6) 37. Qxe4 $2 (37. Qxg4+ Kf8 38. d6) 37... Qb2+ {[%mdl 64] Double Attack} 38. Kg1 {[#]} Qc1+ $2 (38... Qa1+ $1 $19 {and Black stays clearly on top.} 39. Kg2 Qxa2+ {[%mdl 64] Double Attack} 40. Kg1 Qa1+ 41. Kg2 Qf6 42. Qxg4+ Kf8) 39. Kf2 $17 Qd2+ 40. Kf1 {[#]} Qd1+ ({Much weaker is} 40... cxd5 $6 41. Qe7+ Kg6 42. Qe6+ Kh5 43. Qf5+ Kh6 44. Qe6+ Kh7 45. Qf7+ Kh6 46. Qf6+ Kh5 47. Qf5+ Kh6 48. Qf6+ Kh7 49. Qf7+ Kh6 50. Qf6+ $11) ({Much worse is} 40... Qxh2 $6 41. dxc6 Qh3+ 42. Ke2 $11) ({Black should play} 40... Qg5 $1 $17 {[%cal Rc6d5]} 41. dxc6 Qf6+ {[%mdl 64] Double Attack} 42. Ke2 Bxc6 43. Qxg4+ Kf7) 41. Kf2 $11 Qf3+ (41... cxd5 {is more complex.} 42. Qe7+ Kh6 43. Qf6+ Kh5 44. Qf5+ Kh6) 42. Qxf3 gxf3 43. Kxf3 cxd5 44. cxd5 Bxd5+ {[%mdl 4096] Endgame KB-KP} 45. Ke3 $1 Kf6 {Threatens to win with ...Ke5.} 46. Kd4 $1 {[%cal Rd4d5]} Ke6 47. Kc5 a4 $2 {[%mdl 8192]} (47... Bf3 $11) 48. Kxb4 $2 ({White has to play} 48. bxa4 $18 {Hoping for a5.} Bxa2 49. Kxb4) 48... axb3 49. axb3 $18 {[%cal Ba2b3,Bb3b4,Bb4b5][%mdl 32] KB-K3P} Bc6 $2 {[%mdl 8192]} (49... Ke5 $11) 50. Kc5 Bb7 51. b4 Kf5 52. h4 (52. b5 $18 Ke5 53. Kb6) 52... Kg4 53. b5 Kxg3 {White mates.} 54. h5 Be4 55. h6 Kg4 56. b6 Kg5 {[#]} 57. b7 $1 {[%mdl 576] Deflection, Promotion} Bxb7 58. h7 {A wild game. Accuracy: White = 39%, Black = 34%.} 1-0

[Event "Stay Safe Play From Home 233"]
[Site "Emanuel Lasker Arena"]
[Date "2020.06.17"]
[Round "2"]
[White "Tartak"]
[Black "Emresenar"]
[Result "1-0"]
[WhiteElo "1754"]
[BlackElo "1835"]
[Annotator "NA RC"]
[PlyCount "63"]
[EventDate "2020.06.17"]
[EventType "swiss (blitz)"]

1. e4 {[%emt 0:00:01]} e5 {[%emt 0:00:00]} 2. f4 {[%emt 0:00:01]} Nc6 {[%emt 0:00:00]} 3. Nf3 {[%emt 0:00:01]} d5 {[%emt 0:00:01]} 4. exd5 {[%emt 0:00:01]} Qxd5 {[%emt 0:00:00]} 5. fxe5 {[%emt 0:00:01]} Nxe5 {[%emt 0:00:00]} 6. Be2 {[%emt 0:00:01]} Bg4 {[%emt 0:00:02]} 7. Nxe5 {[%emt 0:00:02]} Qxe5 {[%emt 0:00:03]} 8. Nc3 {[%emt 0:00:02]} O-O-O {[%emt 0:00:02]} 9. O-O {[%emt 0:00:01]} Bxe2 {[%emt 0:00:02]} 10. Nxe2 {[%emt 0:00:01]} Bc5+ {[%emt 0:00:01]} 11. Kh1 {[%emt 0:00:01]} Nf6 {[%emt 0:00:00]} 12. d3 {[%emt 0:00:01]} Rhe8 {[%emt 0:00:01]} 13. Nf4 {[%emt 0:00:01]} Be3 {[%emt 0:00:03]} 14. Bxe3 {[%emt 0:00:01]} Qxe3 {[%emt 0:00:00]} 15. a4 {[%emt 0:00:05]} g5 {[%emt 0:00:07]} 16. Nh3 {[%emt 0:00:02]} g4 {[%emt 0:00:03]} 17. Nf4 {[%emt 0:00:01]} h5 {[%emt 0:00:04]} 18. a5 {[%emt 0:00:02]} Nd5 {[%emt 0:00:05]} 19. c4 {[%emt 0:00:01]} Nxf4 {[%emt 0:00:01]} 20. Rxf4 {[%emt 0:00:02]} Qxf4 {[%emt 0:00:01]} 21. a6 {[%emt 0:00:01]} b6 {[%emt 0:00:01]} 22. Qa4 {[%emt 0:00:01]} Rd6 {[%emt 0:00:03]} 23. c5 {[%emt 0:00:02]} bxc5 {[%emt 0:00:08]} 24. Qxf4 {[%emt 0:00:01]} Rde6 {[%emt 0:00:02]} 25. g3 {[%emt 0:00:02]} Re2 {[%emt 0:00:02]} 26. Qf5+ {[%emt 0:00:01]} Kb8 {[%emt 0:00:01]} 27. Qxc5 {[%emt 0:00:03]} Rxb2 {[%emt 0:00:03]} 28. Rc1 {[%emt 0:00:02]} Rc8 {[%emt 0:00:01]} 29. Qc6 {[%emt 0:00:01]} Rb6 {[%emt 0:00:00]} 30. Qc5 {[%emt 0:00:01]} Ka8 {[%emt 0:00:01]} 31. d4 {[%emt 0:00:04]} Rcb8 {[%emt 0:00:00]} 32. Qxc7 {[%emt 0:00:01] (Lag: Av=0.99s, max=1.6s)} 1-0

[Event "Stay Safe Play From Home 233"]
[Site "Emanuel Lasker Arena"]
[Date "2020.06.17"]
[Round "2"]
[White "Haris kollari 13"]
[Black "Trotsky"]
[Result "1-0"]
[WhiteElo "1716"]
[BlackElo "1453"]
[Annotator "NA RC"]
[PlyCount "83"]
[EventDate "2020.06.17"]
[EventType "swiss (blitz)"]

1. e4 {[%emt 0:00:01]} c5 {[%emt 0:00:01]} 2. f4 {[%emt 0:00:00]} e6 {[%emt 0:00:00]} 3. Nf3 {[%emt 0:00:01]} d5 {[%emt 0:00:01]} 4. e5 {[%emt 0:00:01]} Nc6 {[%emt 0:00:01]} 5. c3 {[%emt 0:00:00]} Qc7 {[%emt 0:00:00]} 6. d4 {[%emt 0:00:01]} Bd7 {[%emt 0:00:00]} 7. Be3 {[%emt 0:00:02]} c4 {[%emt 0:00:02]} 8. Be2 {[%emt 0:00:01]} O-O-O {[%emt 0:00:01]} 9. O-O {[%emt 0:00:01]} f6 {[%emt 0:00:00]} 10. Nbd2 {[%emt 0:00:02]} fxe5 {[%emt 0:00:01]} 11. fxe5 {[%emt 0:00:01]} h5 {[%emt 0:00:01]} 12. b3 {[%emt 0:00:01]} Nh6 {[%emt 0:00:01]} 13. bxc4 {[%emt 0:00:01]} Bd6 {[%emt 0:00:01]} 14. exd6 {[%emt 0:00:02]} Qxd6 {[%emt 0:00:01]} 15. cxd5 {[%emt 0:00:01]} exd5 {[%emt 0:00:01]} 16. h3 {[%emt 0:00:03]} Ng4 {[%emt 0:00:01]} 17. hxg4 {[%emt 0:00:02]} hxg4 {[%emt 0:00:01]} 18. Ne5 {[%emt 0:00:01]} Nxe5 {[%emt 0:00:01]} 19. dxe5 {[%emt 0:00:01]} Qxe5 {[%emt 0:00:01]} 20. Bf4 {[%emt 0:00:00]} Qh5 {[%emt 0:00:01]} 21. Kf2 {[%emt 0:00:03]} Qh4+ {[%emt 0:00:02]} 22. Bg3 {[%emt 0:00:01]} Rhf8+ {[%emt 0:00:03]} 23. Bf3 {[%emt 0:00:01]} Rxf3+ {[%emt 0:00:03]} 24. Nxf3 {[%emt 0:00:01]} Qf6 {[%emt 0:00:03]} 25. Qxd5 {[%emt 0:00:03]} Bc6 {[%emt 0:00:03]} 26. Qe5 {[%emt 0:00:03]} Qxe5 {[%emt 0:00:04]} 27. Nxe5 {[%emt 0:00:01]} Rf8+ {[%emt 0:00:02]} 28. Kg1 {[%emt 0:00:01]} Bd5 {[%emt 0:00:02]} 29. Rxf8+ {[%emt 0:00:02]} Kc7 {[%emt 0:00:01]} 30. c4 {[%emt 0:00:01]} Bc6 {[%emt 0:00:02]} 31. Nxc6+ {[%emt 0:00:02]} Kxc6 {[%emt 0:00:01]} 32. Rd1 {[%emt 0:00:01]} Kc5 {[%emt 0:00:01]} 33. Rf5+ {[%emt 0:00:02]} Kb4 {[%emt 0:00:01]} 34. Rf4 {[%emt 0:00:01]} a5 {[%emt 0:00:01]} 35. c5+ {[%emt 0:00:01]} Kb5 {[%emt 0:00:01]} 36. c6 {[%emt 0:00:01]} Ka6 {[%emt 0:00:01]} 37. c7 {[%emt 0:00:01]} g5 {[%emt 0:00:02]} 38. c8=Q {[%emt 0:00:00]} Kb6 {[%emt 0:00:02]} 39. Rf5 {[%emt 0:00:02]} Ka6 {[%emt 0:00:01]} 40. Rf6+ {[%emt 0:00:00]} Ka7 {[%emt 0:00:05]} 41. Rd5 {[%emt 0:00:01]} a4 {[%emt 0:00:01]} 42. Ra5# {[%emt 0:00:01] (Lag: Av=0.33s, max=0.8s)} 1-0

[Event "Stay Safe Play From Home 233"]
[Site "Emanuel Lasker Arena"]
[Date "2020.06.17"]
[Round "3"]
[White "SoulofWolf"]
[Black "Mepe_Nika"]
[Result "0-1"]
[WhiteElo "2158"]
[BlackElo "2326"]
[Annotator "TA"]
[PlyCount "86"]
[EventDate "2020.06.17"]
[EventType "swiss (blitz)"]

{[%evp 10,86,11,-35,8,6,16,-27,23,-14,-13,-16,-7,-25,-30,-116,-122,-479,-51,-60,-70,-70,-77,-66,-55,-83,-66,-616,-615,-534,-64,-58,-57,-61,-62,-65,-11,-78,-82,-107,-106,-429,-327,-484,-344,-573,-453,-434,-85,-271,-256,-454,-349,-491,-125,-125,-127,-12135,-11958,-29946,-12664,-12730,-9019,-29966,-29967,-29969,-29970,-29970,-29971,-29972,-29973,-29976,-29974,-29979,-29976,-29977,-29971,-29970,-29973]} 1. d4 c5 2. Nf3 cxd4 3. Nxd4 Nc6 4. c4 g6 5. Nc2 Bg7 6. g3 Nf6 {A30: Symmetrical English: Double Fianchetto and Hedgehog.} 7. Bg2 d6 8. O-O {has lost popularity (8.Nc3).} Bd7 {[#] Black has an edge.} 9. Nd2 $146 ({Predecessor:} 9. Nc3 O-O 10. Bd2 a6 11. b3 Rb8 12. a4 h5 13. h3 Kh7 14. Rb1 Ne5 15. Kh2 Be6 16. f4 Nc6 17. e4 Bd7 18. Qe2 {1-0 (40) Oparin,G (2652)-Maly,A (2371) chess.com INT 2020}) 9... Qc8 10. Rb1 Bh3 11. b3 h5 $36 {[%mdl 2048] Black has good play.} 12. e3 (12. Bxh3 $11 Qxh3 13. f3) 12... h4 13. Qf3 $2 {[%mdl 8192]} (13. Qe2 $17 {is a better chance.}) 13... Bxg2 $2 (13... Bg4 $1 $19 {[%cal Rg4f3]} 14. Qf4 e5) 14. Qxg2 $15 hxg3 15. fxg3 Qe6 16. Nf3 Ng4 17. Re1 O-O-O 18. Ncd4 $2 {[%mdl 8192]} (18. Bb2 $15 Bxb2 19. Rxb2) 18... Nxd4 $19 19. exd4 {[#]} Rxh2 $2 ({Better is} 19... Bxd4+ $1 $19 {[%mdl 512]} 20. Kf1 (20. Nxd4 Qxe1+) 20... Qf5) 20. Rxe6 $15 Rxg2+ 21. Kxg2 fxe6 22. Bg5 Bf6 ({Black should play} 22... Kd7 $15) 23. Bf4 (23. Re1 $11) 23... e5 $17 24. dxe5 dxe5 25. Bc1 $2 {[%mdl 8192]} (25. Kh3 $17) 25... e4 26. Nh4 (26. Kh3 $142 Nf2+ 27. Kg2 exf3+ 28. Kxf2) 26... Rd3 27. b4 $2 (27. Nxg6 Rd1 28. a4) 27... Bxh4 28. gxh4 $19 {[%mdl 4096] Endgame KRB-KRN} Ne3+ $2 (28... Rd1 $19 {and Black stays clearly on top. Threatens to win with ...Ne5.} 29. a4 {[#]} Ne3+ $1 {[%mdl 512]} 30. Kf2 Nxc4) 29. Kf2 $2 (29. Bxe3 $17 Rxe3 30. Rg1) 29... Nxc4 30. b5 $2 (30. Bg5) 30... e3+ 31. Ke2 (31. Ke1 {was forced.}) 31... Rd4 $2 (31... Rc3 $19 {Hoping for ...Kd7.} 32. a3 Kd7) 32. Bxe3 $17 Re4 33. Rb3 $2 {[%mdl 8192]} (33. Kd3 $17 Rxe3+ 34. Kxc4) 33... Rxe3+ $19 34. Rxe3 Nxe3 35. Kxe3 {KP-KP} Kd7 36. a4 Ke6 {Black mates.} 37. Kf4 Kf6 38. Kg4 e5 39. Kf3 Kf5 40. Kg3 e4 41. Kf2 Kf4 42. Ke2 e3 43. a5 b6 {Accuracy: White = 24%, Black = 55%.} 0-1

[Event "Stay Safe Play From Home 233"]
[Site "Emanuel Lasker Arena"]
[Date "2020.06.17"]
[Round "3"]
[White "Bardellosport"]
[Black "Lazieri3"]
[Result "0-1"]
[WhiteElo "2095"]
[BlackElo "2153"]
[Annotator "TA"]
[PlyCount "72"]
[EventDate "2020.06.17"]
[EventType "swiss (blitz)"]

{[%evp 9,72,7,50,29,24,23,76,64,239,122,204,15,14,15,14,15,23,7,21,24,53,-32,-21,-62,44,22,32,31,38,0,0,-59,-16,-14,0,-4,-6,-28,0,-26,-14,-43,-33,-199,-204,-889,-888,-878,-860,-29979,-29979,-29982,-29983,-29983,-29984,-29984,-29983,-29987,-29988,-29989,-29989,-29989,-29990,-29997,-1719]} 1. d3 c6 2. Nf3 d5 3. g3 Nf6 4. Bg2 Bf5 5. Nbd2 Qc8 6. O-O {A07: Réti Opening: New York and Capablanca Systems.} Bh3 7. e4 {[#]} dxe4 $146 (7... Bxg2 $11 8. Kxg2 e6) ({Predecessor:} 7... Bxg2 8. Kxg2 dxe4 9. Nxe4 Nbd7 10. Re1 Nxe4 11. dxe4 e5 12. Be3 f6 13. c3 g5 {1-0 (42) Tarmastin,L (1867)-Panzenboeck,S (1506) Austria 2018}) 8. dxe4 {White is better.} h5 $2 {[#]} (8... Bxg2 $14 9. Kxg2 Na6) 9. c3 ({Better is} 9. Bxh3 $18 Qxh3 10. Ng5) 9... h4 (9... Bxg2 $16 10. Kxg2 h4) 10. Qe2 $2 ({But not} 10. Nxh4 $6 Bxg2 11. Kxg2 Nbd7 $16) (10. Bxh3 $18 Qxh3 11. Qb3 (11. gxh4 Nbd7 $15)) 10... Bxg2 $11 11. Kxg2 hxg3 12. fxg3 Qh3+ 13. Kg1 {Threatening e5.} Ng4 (13... e6 $5 {[%cal Rf8c5]} 14. Nc4 Nbd7 $11) 14. Nc4 e6 15. Qg2 (15. b4 $1 $14) 15... Bc5+ (15... Qh5 $5 {[%cal Rh5c5]} 16. b4 Nd7 $11) 16. Kh1 Qxg2+ ({Black should play} 16... Qh5 $1 $15) 17. Kxg2 Nd7 18. h3 Ngf6 19. e5 Nd5 $1 20. Bf4 (20. a4 $11) 20... Nxf4+ 21. gxf4 Ke7 22. Rad1 Nb6 23. Nxb6 Bxb6 24. b4 a5 {White must now prevent ...axb4.} 25. a3 (25. Rb1 {looks sharper.} Be3 26. Rfe1 Bxf4 27. Re4 g5 28. bxa5 Rhb8 29. h4) 25... axb4 26. cxb4 $2 {[#]} (26. axb4 $15 Rhd8 27. Kg3) 26... Rxa3 $19 27. Rf2 $2 (27. Rd6) 27... Bxf2 28. Kxf2 Rxh3 29. Kg2 Rhxf3 {[%mdl 4096] Endgame. Black mates.} 30. Rh1 Rfb3 31. Rd1 Rb2+ 32. Kg1 Rf3 33. Ra1 Rxf4 34. b5 Rg4+ 35. Kh1 cxb5 36. Rb1 Rxb1+ {Accuracy: White = 29%, Black = 57%.} 0-1

[Event "Stay Safe Play From Home 233"]
[Site "Emanuel Lasker Arena"]
[Date "2020.06.17"]
[Round "3"]
[White "Fischer_11"]
[Black "Position"]
[Result "1-0"]
[WhiteElo "2033"]
[BlackElo "2004"]
[Annotator "NA RC"]
[PlyCount "29"]
[EventDate "2020.06.17"]
[EventType "swiss (blitz)"]

1. e4 {[%emt 0:00:01]} c5 {[%emt 0:00:01]} 2. c3 {[%emt 0:00:01]} d6 {[%emt 0:00:01]} 3. d4 {[%emt 0:00:01]} cxd4 {[%emt 0:00:00]} 4. cxd4 {[%emt 0:00:00]} e6 {[%emt 0:00:01]} 5. Nf3 {[%emt 0:00:01]} Nf6 {[%emt 0:00:00]} 6. Nc3 {[%emt 0:00:00]} Be7 {[%emt 0:00:00]} 7. Bd3 {[%emt 0:00:03]} O-O {[%emt 0:00:00]} 8. O-O {[%emt 0:00:01]} Nc6 {[%emt 0:00:00]} 9. Bg5 {[%emt 0:00:01]} e5 {[%emt 0:00:01]} 10. Bb1 {[%emt 0:00:02]} exd4 {[%emt 0:00:02]} 11. Nxd4 {[%emt 0:00:00]} Ne5 {[%emt 0:00:01]} 12. Qc2 {[%emt 0:00:04]} Be6 {[%emt 0:00:02]} 13. Nd5 {[%emt 0:00:03]} Bxd5 {[%emt 0:00:01]} 14. exd5 {[%emt 0:00:00]} Nxd5 {[%emt 0:00:01]} 15. Qxh7# {[%emt 0:00:03] (Lag: Av=0.64s, max=1.3s)} 1-0

[Event "Stay Safe Play From Home 233"]
[Site "Emanuel Lasker Arena"]
[Date "2020.06.17"]
[Round "3"]
[White "Justwatch"]
[Black "Weltszmerc"]
[Result "0-1"]
[WhiteElo "1820"]
[BlackElo "2144"]
[Annotator "TA"]
[PlyCount "66"]
[EventDate "2020.06.17"]
[EventType "swiss (blitz)"]

{[%evp 9,66,-69,-58,-65,-47,-89,-80,-95,-89,-81,-72,-97,-97,-109,-108,-111,-113,-114,-108,-124,-121,-130,-129,-142,-118,-122,-108,-108,-63,-148,-55,-57,136,135,546,-51,-56,-47,-59,-167,-72,-158,-118,-121,-122,-451,-464,-566,-487,-465,-393,-622,-631,-615,-611,-707,-497,-12831,-12831]} 1. e4 Nf6 2. e5 Nd5 3. Nc3 Nb6 4. Nf3 d6 {[#]} 5. e6 $146 ({Predecessor:} 5. d4 Bg4 6. Bf4 e6 7. Be2 Be7 8. h3 Bh5 9. O-O O-O 10. Re1 d5 11. a4 a6 12. a5 N6d7 13. Nd2 Bxe2 14. Qxe2 {0-1 (43) Ljubarskij,J (2258)-Haakert,J (2352) Bergen 2014}) 5... Bxe6 6. d4 {B02: Alekhine's Defence: Chase Variation and lines with early Nc3.} Bg4 7. Be2 e6 8. Be3 {Black is better.} d5 9. h3 Bh5 10. Ne5 Bxe2 11. Qxe2 N8d7 12. Nxd7 Nxd7 13. O-O Be7 14. Qd3 O-O 15. Ne2 c5 16. Ng3 cxd4 17. Bxd4 e5 18. Be3 Nb6 19. Qf5 ({White has to play} 19. Bxb6 $1 $15 axb6 20. Rfd1) 19... Bf6 (19... Nc4 $17 20. Bc1 Re8) 20. Nh5 $15 d4 $2 {[#]} (20... Re8 $15 {stays ahead.}) 21. Bh6 $1 $16 {[%cal Rh6g7][%mdl 512] Strongly threatening Bxg7!} Re8 $2 {[%mdl 8192] [#]} (21... Kh8 $16 {is a better chance.}) (21... gxh6 22. Nxf6+) 22. Nxf6+ $2 (22. Bxg7 $1 $18 {[%mdl 512]} Bh4 (22... Bxg7 23. Qg4) 23. Bf6 Bxf6 24. Nxf6+ Kf8 25. Nxe8 Qxe8 26. Rae1) 22... Qxf6 $15 23. Qxf6 gxf6 24. Rae1 ({White should play} 24. f4 $1 $15) 24... Rac8 (24... f5 $19 {is more deadly.} 25. c3 Re6) 25. Re2 (25. c3 $142) 25... Nd5 26. Rfe1 Re6 $36 {[%mdl 2048] Black is in control.} 27. Bd2 $2 {[%mdl 8192]} (27. c3 $17) 27... Rxc2 $19 28. Ba5 Rxe2 29. Rxe2 e4 30. Be1 (30. g4 $142) 30... d3 {Black is clearly winning.} 31. Rd2 Rc6 {White must now prevent ...Rc1.} 32. f3 Rc1 {...e3 is the strong threat.} 33. Kf2 (33. fxe4 $142 Rxe1+ {[%mdl 64] Double Attack} 34. Kf2 Rxe4 35. Rxd3) 33... e3+ {[%mdl 64] Double Attack. Quite a comeback for Black. Accuracy: White = 40%, Black = 55%.} 0-1

[Event "Stay Safe Play From Home 233"]
[Site "Emanuel Lasker Arena"]
[Date "2020.06.17"]
[Round "3"]
[White "Emresenar"]
[Black "Broken sword"]
[Result "0-1"]
[WhiteElo "1814"]
[BlackElo "2446"]
[Annotator "TA"]
[PlyCount "64"]
[EventDate "2020.06.17"]
[EventType "swiss (blitz)"]

{[%evp 9,64,-20,-23,-33,-22,-43,-40,-52,-50,-53,-37,-29,-25,-38,-37,-72,-4,-13,-8,0,-14,-87,-50,-41,-26,-45,0,0,0,-88,-37,-40,-33,-35,-19,-91,-65,-122,-69,-148,0,-88,-93,-92,-91,-101,-106,-29987,-29988,-29988,-5812,-29985,-29986,-29986,-29987,-29990,-29991]} 1. e4 c5 2. Nf3 e6 3. Bc4 a6 4. a4 d5 5. exd5 exd5 {[#]} 6. Bb3 $146 {B40: Sicilian: 2...e6, Unusual lines.} ({Predecessor:} 6. Be2 Nf6 7. O-O Be7 8. c3 Nc6 9. h3 O-O 10. d4 cxd4 11. cxd4 h6 12. Be3 {0-1 (36) Ikizler,M (1286)-Susin,D (1196) Ankara 2020}) 6... Nf6 7. d3 Be7 8. Bg5 {Black is slightly better.} Nc6 9. O-O O-O 10. Re1 Be6 11. Nbd2 Re8 12. Bf4 b5 (12... Nh5 $17 13. Be5 Bf6) 13. axb5 $11 axb5 {[#] And now ...c4 would win.} 14. Rxa8 Qxa8 15. c4 (15. c3 $11) 15... bxc4 16. dxc4 d4 17. Ba4 Rc8 18. Bxc6 Qxc6 19. Ne5 (19. Ng5 $11 {remains equal.}) 19... Qe8 (19... Qb6 $17 20. b3 Ra8) 20. b3 $15 Ra8 21. Ndf3 h6 22. Qd3 (22. b4 $11) 22... Qc8 23. h3 (23. b4 $15) 23... Bd6 ({Black should try} 23... Bf5 $17 24. Qd1 Ra2) 24. Bg3 (24. b4 $15) 24... Qc7 ({Better is} 24... Bf5 $17 25. Qe2 Ne4) 25. Nh4 (25. b4 $1 $11 {keeps the balance.}) 25... Re8 $17 26. Nf5 Bxf5 27. Qxf5 Re6 {aiming for ...g6.} 28. Nxf7 $2 {[%mdl 8192] [#] Now White is beyond hope.} (28. f4 $17) 28... Rxe1+ 29. Kh2 Qxf7 (29... Bxg3+ $142 30. fxg3 Kxf7 31. Qf3 Re3 32. Qf2 Rxb3 33. Qe1 Nh5 34. Kh1 Qxg3 35. Qe4 Nf6 36. Qc2 Re3 37. Qd2 Re1+ 38. Qxe1 Qxe1+ 39. Kh2 d3 40. h4 Nh5 41. g4 Qf2+ 42. Kh3 Qg3#) 30. Qc8+ Qe8 {Black mates.} 31. Qxe8+ Nxe8 32. Bxd6 Nxd6 {Accuracy: White = 48%, Black = 69%.} 0-1

[Event "Stay Safe Play From Home 233"]
[Site "Emanuel Lasker Arena"]
[Date "2020.06.17"]
[Round "3"]
[White "Haris kollari 13"]
[Black "Tartak"]
[Result "0-1"]
[WhiteElo "1722"]
[BlackElo "1775"]
[Annotator "NA RC"]
[PlyCount "70"]
[EventDate "2020.06.17"]
[EventType "swiss (blitz)"]

1. e4 {[%emt 0:00:01]} e6 {[%emt 0:00:02]} 2. Nf3 {[%emt 0:00:01]} d5 {[%emt 0:00:01]} 3. e5 {[%emt 0:00:00]} c5 {[%emt 0:00:01]} 4. b4 {[%emt 0:00:01]} cxb4 {[%emt 0:00:01]} 5. d4 {[%emt 0:00:01]} Nc6 {[%emt 0:00:01]} 6. Bb2 {[%emt 0:00:01]} Nh6 {[%emt 0:00:01]} 7. Bd3 {[%emt 0:00:01]} Qb6 {[%emt 0:00:03]} 8. Nbd2 {[%emt 0:00:02]} Be7 {[%emt 0:00:01]} 9. Nb3 {[%emt 0:00:01]} a5 {[%emt 0:00:01]} 10. O-O {[%emt 0:00:02]} a4 {[%emt 0:00:01]} 11. Nbd2 {[%emt 0:00:01]} b3 {[%emt 0:00:01]} 12. axb3 {[%emt 0:00:02]} Bb4 {[%emt 0:00:02]} 13. c3 {[%emt 0:00:10]} Be7 {[%emt 0:00:02]} 14. b4 {[%emt 0:00:01]} O-O {[%emt 0:00:02]} 15. Rxa4 {[%emt 0:00:02]} Rxa4 {[%emt 0:00:02]} 16. Qxa4 {[%emt 0:00:01]} Bd7 {[%emt 0:00:00]} 17. Qc2 {[%emt 0:00:02]} Rc8 {[%emt 0:00:02]} 18. Bxh7+ {[%emt 0:00:02]} Kf8 {[%emt 0:00:01]} 19. Qd3 {[%emt 0:00:03]} Nf5 {[%emt 0:00:05]} 20. Bxf5 {[%emt 0:00:02]} exf5 {[%emt 0:00:01]} 21. Nb3 {[%emt 0:00:00]} Be6 {[%emt 0:00:01]} 22. Nc5 {[%emt 0:00:01]} Bxc5 {[%emt 0:00:01]} 23. dxc5 {[%emt 0:00:01]} Qc7 {[%emt 0:00:03]} 24. Ra1 {[%emt 0:00:02]} g6 {[%emt 0:00:02]} 25. Qe3 {[%emt 0:00:06]} d4 {[%emt 0:00:02]} 26. cxd4 {[%emt 0:00:02]} Rd8 {[%emt 0:00:01]} 27. Qh6+ {[%emt 0:00:01]} Ke7 {[%emt 0:00:02]} 28. Rd1 {[%emt 0:00:03]} Bd5 {[%emt 0:00:02]} 29. Qg5+ {[%emt 0:00:01]} Kd7 {[%emt 0:00:03]} 30. Qf6 {[%emt 0:00:01]} Nxb4 {[%emt 0:00:02]} 31. Ng5 {[%emt 0:00:01]} Kc8 {[%emt 0:00:01]} 32. Nxf7 {[%emt 0:00:01]} Rf8 {[%emt 0:00:02]} 33. Nd6+ {[%emt 0:00:02]} Qxd6 {[%emt 0:00:01]} 34. Qxd6 {[%emt 0:00:01]} Rd8 {[%emt 0:00:02]} 35. Qxg6 {[%emt 0:00:01]} Nc2 {[%emt 0:00:02] Time (Lag: Av=0.73s, max=1.3s)} 0-1